01518cam a2200409Ia 45000010008000000030004000080050017000120060019000290070015000480080041000630200018001040350026001220380012001480400029001600500028001890820015002171000020002322100059002522450145003112600053004564900049005095040051005585060043006095630014006526500043006666500032007096550029007417000019007707000019007897000020008087000021008287000020008497100017008697730045008868300050009318560127009817915274OSt20210827114723.0m d cr n 090618s2009 gw a sb 001 0 eng d a9783642260322 a(WaSeSS)ssj0000315760 akhadija aCaPaEBRcCaPaEBRdWaSeSS 4aQA76.76.I58bA38 2009eb a006.3bADV aRobu, Valentin.10aAdvances in agent-based complex automated negotiations00aAdvances in agent-based complex automated negotiationscTatayuki Ito, Minjie Zhang, Valentin Robu, Shaheen Fatima, and Tokuro Matsuo (eds.). aBerlin ;aHeidelberg :bSpringer-Verlag,cc2009.1 aStudies in computational intelligence ;v233 aIncludes bibliographical references and index. aLicense restrictions may limit access. apaperback 0aIntelligent agents (Computer software) 0aComputational intelligence. 7aElectronic books.2local1 aIto, Tatayuki.1 aZhang, Minjie.1 aRobu, Valentin.1 aFatima, Shaheen.1 aMatsuo, Tokuro.2 aebrary, Inc. 0tSpringerLink ebooks - Engineering (2009) 0aStudies in computational intelligence ;v233.40uhttp://www.columbia.edu/cgi-bin/cul/resolve?clio7915274zFull text available from SpringerLink ebooks - Engineering (2009)